000 00849nam a22002537a 4500
005 20170124105952.0
010 _aB-129832
020 _c645.00
_a9780195649420
035 _aB-129832
037 _bCen Lib/Ret
040 _aDPL
_bEN
082 _a338.0954
_bSTR
245 _aThe structure of indian Industry /
_cedited by Subir Gokarn, Anindya Sen [and] Rajendra R. Vaidya
260 _aNew Delhi
_bOxford University Press
_c2004
270 _bNew Delhi
_aYMCA building, jai singh road
_e110001
300 _axxi, 366p.
_c21cm(Hb)
500 _aIncludes bibliographical references
650 _aEconomics
_913846
650 _z Indian industries
_aStructure
_913847
700 _aGokarn, Subir
_913808
700 _aSen, Anindya
_913845
700 _aVaidya, Rajendra R.
_912457
942 _2ddc
_cEN
_h338.0954
_mSTR
999 _c125355
_d125355